• 首页
  • 本馆介绍
  • 公告通知
  • 最新文献
  • 馆藏检索
  • 电子资源
  • 读者导购
  • 参考咨询
  • 我的图书馆
  • 登录
  • 详细信息显示
  • 放入我的书架
  • 预约/预借图书
  • 作者相关作品
  • 分类相关作品
  • 丛书相关作品
  • 出版社相关作品

书目信息

  • 表格格式
  • 工作单格式
  • 卡片格式
题名:
中国太阳能热利用工程图集典型案例精选
    
 
作者: 罗振涛 , 朱俊生 , 霍志臣 主编
分册:  
出版信息: 北京   中国环境科学出版社  2015.08
页数: 132页
开本: 29cm
丛书名:
单 册:
中图分类: TK114 , TK519
科图分类:
主题词: 太阳能利用--热利用--案例--中国 , 太阳能--技术
电子资源:
ISBN: 978-7-5111-0776-3
000 01104nam0 2200265 450
001 1061
005 20161008081252.07
010    @a978-7-5111-0776-3@b平装@dCNY65.00
100    @a20120109d2015 em y0chiy50 ea
101 0  @achi@aeng
102    @aCN@b110000
105    @aa z 000yy
200 1  @a中国太阳能热利用工程图集典型案例精选@9zhong guo tai yang neng re li yong gong cheng tu ji dian xing an li jing xuan@dAtlas of solar thermal utilization in China showcase@zeng@f罗振涛,朱俊生,霍志臣主编
210    @a北京@c中国环境科学出版社@d2015.08
215    @a132页@d29cm
330    @a本书汇集业内大量优秀工程案例,以图文并茂的形式,全面综合地展示了中国太阳能热利用产品在居民住宅、工业、农业、宾馆、饭店、学校、军队、医院、敬老院、洗浴中心等领域的工程应用案例。
606 0  @a太阳能利用@x热利用@x案例@y中国
606 0  @a太阳能@x技术
690    @aTK114@v5
690    @aTK519@v4
701  0 @a罗振涛@9luo zhen tao@f(1939~)@4主编
701  0 @a朱俊生@9zhu jun sheng@f(1939~)@4主编
701  0 @a霍志臣@9huo zhi chen@4主编
801  0 @aCN@b唐山师范学院图书馆@c20160830
905    @aZUCC@dTK114@e129
    
    中国太阳能热利用工程图集典型案例精选=Atlas of solar thermal utilization in China showcase/罗振涛,朱俊生,霍志臣主编.-北京:中国环境科学出版社,2015.08
    132页;29cm
    
    
    ISBN 978-7-5111-0776-3(平装):CNY65.00
    本书汇集业内大量优秀工程案例,以图文并茂的形式,全面综合地展示了中国太阳能热利用产品在居民住宅、工业、农业、宾馆、饭店、学校、军队、医院、敬老院、洗浴中心等领域的工程应用案例。
●
相关链接 在E读中查询图书 在五车中查询图书 在当当中查询图书 在豆瓣中查询图书


正题名:中国太阳能热利用工程图集典型案例精选     索取号:TK114/129         预约/预借

序号 登录号 条形码 馆藏地/架位号 状态 备注
1 906710   209067105   第二样本阅览室/ [索取号:TK114/129] 在馆    
2 906711   209067114   第三借阅区/ [索取号:TK114/129] 在馆    
3 906712   209067123   第三借阅区/ [索取号:TK114/129] 在馆    
唐山师范学院图书馆 欢迎您!
大连网信软件有限公司© 版权所有